000 00771nam a2200229 a 4500
005 20250221063755.0
008 070223s2004 es r 000 0 spa d
020 _a8471124912
035 _aUPN01000149502
049 _aCG
050 4 _aLC212.8
_bD3.4
100 1 _aDadzie, Stella,
_d1952-
_931120
245 1 0 _aHerramientas contra el racismo en las aulas /
_cStella Dadzie.
260 _aMadrid :
_bMinisterio de Educación, Cultura y Deporte :
_bMorata,
_c2004.
300 _a135 p. :
_bcuadros
440 0 _aProyectos curriculares
534 _pTítulo original:
_tToolkit for tackling racism in schools
650 4 _aDiscriminación en la educación
_96086
650 4 _aEducación intercultural
_94812
650 4 _aIntegración escolar
_9306
905 _aLibro
999 _c121643
_d121643